Falling Up - Will Wood Lyrics - Statistics

General Stats
  • This quiz has been taken 7 times
  • The average score is 328 of 501
Answer Stats
Lyrics % Correct
the
100%
The
100%
a
80%
am
80%
an
80%
and
80%
And
80%
breeze
80%
but
80%
call
80%
comes
80%
cry,
80%
cry
80%
cup?
80%
Dandelion
80%
dead
80%
die
80%
fall
80%
falling
80%
Falling
80%
flowers
80%
grass,
80%
here
80%
Here
80%
I
80%
it
80%
It
80%
never
80%
o'
80%
of
80%
on
80%
Only
80%
only
80%
plastic
80%
ride
80%
right
80%
Second
80%
seeds
80%
so
80%
star
80%
sun,
80%
to
80%
turn
80%
up
80%
up?
80%
up!
80%
upon
80%
weed
80%
wish
80%
You
80%
you
80%
ain't
60%
air
60%
Airplane
60%
ambitions
60%
are
60%
are,
60%
at
60%
Atmosphere
60%
back
60%
Be
60%
be
60%
bees,
60%
between
60%
big
60%
blue
60%
bones
60%
candle
60%
catastrophe's
60%
clever
60%
comfort
60%
connect
60%
constellation,
60%
control?
60%
could
60%
crow
60%
cue
60%
Cut
60%
do
60%
dots
60%
down
60%
ears,
60%
elephant
60%
fast
60%
fate,
60%
fear
60%
final
60%
for
60%
gravity
60%
gripping
60%
grow
60%
Here
60%
high-
60%
Hindenburg
60%
hot
60%
Hotel
60%
I'd
60%
I'm
60%
impact
60%
in
60%
is
60%
Is
60%
it's
60%
It's
60%
its
60%
just
60%
kill
60%
know
60%
linoleum
60%
make
60%
mass
60%
matter
60%
me?
60%
milk,
60%
mistakes,
60%
moon
60%
more
60%
near,
60%
next
60%
no,
60%
no
60%
noon
60%
not,
60%
not?"
60%
or
60%
over
60%
parts!"
60%
past
60%
pollen's
60%
pulling
60%
rather
60%
really
60%
room,
60%
saying,
60%
saying
60%
seems
60%
shed
60%
"Shoot
60%
simply
60%
Skies
60%
spirals
60%
stake
60%
stars.
60%
stratospheric
60%
than
60%
Thank
60%
there
60%
tied
60%
ties,
60%
wax
60%
weight
60%
What
60%
"Why,
60%
why,
60%
why?
60%
Why
60%
why
60%
wind
60%
With
60%
with
60%
words
60%
would
60%
Yes,
60%
yes,
60%
yet
60%
you'll
60%
Your
60%
your
60%
awful
40%
bullshit
40%
cause
40%
Clouds
40%
Crüe,
40%
daisies
40%
dandelions
40%
Did
40%
(Did
40%
dirt,
40%
Disney-
40%
early
40%
earn
40%
eclipses
40%
eyeline
40%
friends,
40%
fright
40%
from
40%
good
40%
grew
40%
harder
40%
hat?
40%
hate
40%
height
40%
hurts
40%
improv
40%
karaoke
40%
killing
40%
land
40%
larger
40%
Leary
40%
leave
40%
life,
40%
Life
40%
like
40%
living
40%
looks
40%
Love
40%
magic
40%
math--
40%
Motley
40%
Much
40%
mushrooms
40%
new
40%
night
40%
now
40%
Oh,
40%
pick
40%
piles
40%
Pixar
40%
Ray-
40%
rooms
40%
Shirley
40%
small
40%
spilt
40%
Stage
40%
straight
40%
stupid
40%
Suburbia
40%
such
40%
tattoo?
40%
tattoo?)
40%
Temple
40%
tend
40%
this
40%
'till
40%
time
40%
troupes
40%
us,
40%
Well,
40%
when
40%
you're
40%
Bans
20%
Broadway
20%
Ludovico,
20%
maraschino
20%
they
20%
view
20%
producer
0%
No matching quizzes found
Score Distribution
Percent of People with Each Score
Percentile by Number Answered
Your Score History
You have not taken this quiz